Women`s Situation in Afghanistan; Compilation (Record no. 19067)

MARC details
000 -LEADER
fixed length control field 00632nam a2200241 a 4500
020 ## - INTERNATIONAL STANDARD BOOK NUMBER
ISBN
082 00 - DEWEY DECIMAL CLASSIFICATION NUMBER
Classification number 305.4209582
Author Cutter WOM
100 ## - MAIN ENTRY--AUTHOR NAME
Author name Women Living Under Muslim Laws,
245 ## - TITLE STATEMENT
Title Women`s Situation in Afghanistan; Compilation
260 ## - PUBLICATION, DISTRIBUTION, ETC. (IMPRINT)
Place of publication Montreal
Name of publisher WLUML
Year of publication 1998
300 ## - PHYSICAL DESCRIPTION
Number of Pages 232p
500 ## - GENERAL NOTE
General note includes index and biblioraphy
505 2# - FORMATTED CONTENTS NOTE
Formatted contents note Subject Index
650 ## - SUBJECT ADDED ENTRY--TOPICAL TERM
Topical Term Women-Afghanistan
942 ## - ADDED ENTRY ELEMENTS (KOHA)
Koha item type Books
700 1# -
-- Women Living Under Muslim Laws,
Holdings
Collection code Home library Current library Date acquired Cost, normal purchase price Full call number Accession Number Koha item type
  Henry Martyn Institute Library Henry Martyn Institute Library 03/23/2007 100.00 305.4209582 WOM 11000897 Books
                   Copyright © 2026 | Henry Martyn Institute | Hyderabad | TS-500052 | INDIA | Implemented by hmi.edu.in
Hit-Count:

Powered by Koha